[Event "blitzwomeanteam"]
[Site "?"]
[Date "2016.10.07"]
[Round "2.3"]
[White "Nebolsina, Vera"]
[Black "Nechaeva, Marina"]
[Result "1-0"]
[LiveChessVersion "1.4.4"]
[BlackElo "2351"]
[WhiteElo "2226"]

1. Nf3 {[%clk 0:03:03]} c5 {[%clk 0:03:00]} 2. g3 {[%clk 0:02:56]} Nc6
{[%clk 0:02:59]} 3. d4 {[%clk 0:02:55]} cxd4 {[%clk 0:02:59]} 4. Nxd4
{[%clk 0:02:56]} g6 {[%clk 0:03:00]} 5. c4 {[%clk 0:02:43]} Bg7 {[%clk 0:03:00]}
6. Nc2 {[%clk 0:02:44]} Nf6 {[%clk 0:02:59]} 7. Bg2 {[%clk 0:02:44]} O-O
{[%clk 0:03:00]} 8. Nc3 {[%clk 0:02:44]} d6 {[%clk 0:03:00]} 9. O-O
{[%clk 0:02:43]} Bd7 {[%clk 0:02:59]} 10. h3 {[%clk 0:02:23]} Rc8
{[%clk 0:02:57]} 11. Be3 {[%clk 0:02:14]} a6 {[%clk 0:02:50]} 12. Rc1
{[%clk 0:01:55]} Na5 {[%clk 0:02:27]} 13. b3 {[%clk 0:01:32]} b5 {[%clk 0:02:22]}
14. Nd5 {[%clk 0:01:32]} Nxd5 {[%clk 0:01:40]} 15. cxd5 {[%clk 0:01:33]} Nb7
{[%clk 0:01:35]} 16. b4 {[%clk 0:01:28]} Qe8 {[%clk 0:01:21]} 17. Nd4
{[%clk 0:01:25]} Rxc1 {[%clk 0:01:17]} 18. Qxc1 {[%clk 0:01:25]} Qc8
{[%clk 0:01:13]} 19. Nc6 {[%clk 0:01:16]} Re8 {[%clk 0:01:09]} 20. Kh2
{[%clk 0:01:10]} Nd8 {[%clk 0:01:08]} 21. Na7 {[%clk 0:01:08]} Qb7
{[%clk 0:01:02]} 22. Qa3 {[%clk 0:01:02]} f5 {[%clk 0:01:00]} 23. Rc1
{[%clk 0:01:01]} Nf7 {[%clk 0:01:00]} 24. f4 {[%clk 0:01:00]} Ra8
{[%clk 0:00:49]} 25. Nc6 {[%clk 0:00:57]} Bf6 {[%clk 0:00:49]} 26. Qa5
{[%clk 0:00:56]} Rc8 {[%clk 0:00:41]} 27. Rc2 {[%clk 0:00:42]} Kg7
{[%clk 0:00:42]} 28. Qa3 {[%clk 0:00:42]} Nd8 {[%clk 0:00:36]} 29. Qc1
{[%clk 0:00:42]} Qc7 {[%clk 0:00:20]} 30. Nd4 {[%clk 0:00:30]} Qb8
{[%clk 0:00:20]} 31. Nc6 {[%clk 0:00:29]} Qc7 {[%clk 0:00:17]} 32. Bf3
{[%clk 0:00:29]} Nxc6 {[%clk 0:00:17]} 33. dxc6 {[%clk 0:00:30]} Be6
{[%clk 0:00:17]} 34. Qd2 {[%clk 0:00:24]} Bc4 {[%clk 0:00:14]} 35. Bd4
{[%clk 0:00:24]} e6 {[%clk 0:00:09]} 36. Bxf6+ Kxf6 {[%clk 0:00:10]} 37. Qd4+
{[%clk 0:00:25]} Kf7 {[%clk 0:00:11]} 38. a4 {[%clk 0:00:25]} d5 {[%clk 0:00:12]}
39. axb5 {[%clk 0:00:23]} axb5 {[%clk 0:00:13]} 40. Rc1 {[%clk 0:00:25]} Qxc6
{[%clk 0:00:13]} 41. Ra1 {[%clk 0:00:26]} Rc7 {[%clk 0:00:15]} 42. Qh8
{[%clk 0:00:26]} Qd7 {[%clk 0:00:13]} 43. Ra8 {[%clk 0:00:26]} Qe7
{[%clk 0:00:09]} 44. Qg8+ {[%clk 0:00:23]} Kf6 {[%clk 0:00:10]} 45. Rf8+
{[%clk 0:00:24]} 1-0

[Event "blitzwomeanteam"]
[Site "?"]
[Date "2016.10.07"]
[Round "2.4"]
[White "Kovanova, Baira"]
[Black "Belova, Olga"]
[Result "1-0"]
[LiveChessVersion "1.4.4"]
[BlackElo "2020"]
[WhiteElo "2282"]

1. Nf3 {[%clk 0:03:03]} d5 {[%clk 0:03:03]} 2. g3 {[%clk 0:03:04]} c6
{[%clk 0:03:00]} 3. Bg2 {[%clk 0:03:05]} Bg4 {[%clk 0:02:58]} 4. O-O
{[%clk 0:03:05]} Nf6 {[%clk 0:02:56]} 5. Ne5 {[%clk 0:03:01]} Bh5
{[%clk 0:02:18]} 6. c4 {[%clk 0:02:59]} Nbd7 {[%clk 0:02:13]} 7. d4
{[%clk 0:02:09]} e6 {[%clk 0:02:03]} 8. cxd5 {[%clk 0:02:07]} exd5
{[%clk 0:01:47]} 9. Nc3 {[%clk 0:01:58]} Bd6 {[%clk 0:01:44]} 10. Bf4
{[%clk 0:01:39]} Qc7 {[%clk 0:01:29]} 11. Nd3 {[%clk 0:01:11]} O-O
{[%clk 0:01:21]} 12. Qc2 {[%clk 0:01:11]} Rac8 {[%clk 0:00:53]} 13. Rac1
{[%clk 0:01:08]} Qb8 {[%clk 0:00:42]} 14. Rfe1 {[%clk 0:00:57]} Bg6
{[%clk 0:00:40]} 15. Qd2 {[%clk 0:00:50]} Ne4 {[%clk 0:00:29]} 16. Qd1
{[%clk 0:00:40]} Nxc3 {[%clk 0:00:15]} 17. Rxc3 {[%clk 0:00:17]} Bxd3
{[%clk 0:00:16]} 18. Bxd6 {[%clk 0:00:16]} Qxd6 {[%clk 0:00:10]} 19. Qxd3
{[%clk 0:00:16]} f5 {[%clk 0:00:07]} 20. Bh3 {[%clk 0:00:14]} g6 {[%clk 0:00:07]}
21. e3 {[%clk 0:00:11]} Rce8 {[%clk 0:00:08]} 22. a3 {[%clk 0:00:10]} Nf6
{[%clk 0:00:08]} 23. Bg2 {[%clk 0:00:11]} Ne4 {[%clk 0:00:08]} 24. Rcc1
{[%clk 0:00:12]} Ng5 {[%clk 0:00:05]} 25. h4 {[%clk 0:00:10]} Ne4
{[%clk 0:00:06]} 26. Qe2 {[%clk 0:00:08]} h6 {[%clk 0:00:06]} 27. Qf3
{[%clk 0:00:06]} Kg7 {[%clk 0:00:07]} 28. Rc2 {[%clk 0:00:07]} g5
{[%clk 0:00:08]} 29. h5 {[%clk 0:00:06]} Qf6 {[%clk 0:00:06]} 30. b4
{[%clk 0:00:06]} g4 {[%clk 0:00:07]} 31. Qe2 {[%clk 0:00:06]} Qg5
{[%clk 0:00:08]} 32. b5 {[%clk 0:00:06]} Re6 {[%clk 0:00:09]} 33. bxc6
{[%clk 0:00:06]} bxc6 {[%clk 0:00:10]} 34. Qa6 {[%clk 0:00:08]} Rf7
{[%clk 0:00:11]} 35. Rxc6 {[%clk 0:00:08]} Ref6 {[%clk 0:00:08]} 36. Rxf6
{[%clk 0:00:08]} Nxf6 {[%clk 0:00:09]} 37. Qe6 {[%clk 0:00:08]} Qxh5
{[%clk 0:00:07]} 38. Rc1 {[%clk 0:00:09]} Ne4 {[%clk 0:00:06]} 39. Qxd5
{[%clk 0:00:08]} Ng5 {[%clk 0:00:07]} 40. Qe5+ {[%clk 0:00:07]} Kh7
{[%clk 0:00:06]} 41. Rc7 {[%clk 0:00:08]} Nf3+ {[%clk 0:00:06]} 42. Bxf3
{[%clk 0:00:08]} gxf3 {[%clk 0:00:05]} 43. Rxf7+ {[%clk 0:00:09]} Kg8
{[%clk 0:00:05]} 44. Qg7# 1-0

[Event "blitzwomeanteam"]
[Site "?"]
[Date "2016.10.07"]
[Round "2.5"]
[White "Sukhareva, Evgeniya"]
[Black "Kovalevskaya, Ekaterina"]
[Result "0-1"]
[LiveChessVersion "1.4.4"]
[BlackElo "2282"]
[WhiteElo "2258"]

1. d4 {[%clk 0:03:03]} d5 {[%clk 0:03:03]} 2. Nf3 {[%clk 0:03:04]} e6
{[%clk 0:03:04]} 3. c4 {[%clk 0:03:05]} c5 {[%clk 0:03:05]} 4. e3
{[%clk 0:02:50]} Nc6 {[%clk 0:03:03]} 5. dxc5 {[%clk 0:02:33]} Bxc5
{[%clk 0:03:02]} 6. a3 {[%clk 0:02:35]} Nf6 {[%clk 0:02:55]} 7. b4
{[%clk 0:02:34]} Bd6 {[%clk 0:02:55]} 8. Bb2 {[%clk 0:02:35]} O-O
{[%clk 0:02:51]} 9. Nbd2 {[%clk 0:02:36]} a5 {[%clk 0:02:19]} 10. b5
{[%clk 0:02:35]} Ne7 {[%clk 0:02:18]} 11. Rc1 {[%clk 0:02:31]} Ng6
{[%clk 0:02:03]} 12. Bd3 {[%clk 0:02:06]} Qe7 {[%clk 0:02:00]} 13. Qb3
{[%clk 0:01:18]} Nd7 {[%clk 0:01:13]} 14. Bb1 {[%clk 0:00:57]} Nc5
{[%clk 0:00:57]} 15. Qc2 {[%clk 0:00:58]} e5 {[%clk 0:00:48]} 16. O-O
{[%clk 0:00:20]} e4 {[%clk 0:00:49]} 17. Ne1 {[%clk 0:00:18]} Be6
{[%clk 0:00:41]} 18. cxd5 {[%clk 0:00:15]} Bxd5 {[%clk 0:00:42]} 19. Nc4
{[%clk 0:00:15]} Bxc4 {[%clk 0:00:34]} 20. Qxc4 {[%clk 0:00:16]} Rac8
{[%clk 0:00:34]} 21. Qe2 {[%clk 0:00:15]} f5 {[%clk 0:00:31]} 22. Rd1
{[%clk 0:00:12]} Rfd8 {[%clk 0:00:26]} 23. Bd4 {[%clk 0:00:10]} Ne5
{[%clk 0:00:21]} 24. Nc2 {[%clk 0:00:08]} Kh8 {[%clk 0:00:22]} 25. Ba1
{[%clk 0:00:08]} Ncd3 {[%clk 0:00:20]} 26. Nd4 {[%clk 0:00:08]} Qf7
{[%clk 0:00:18]} 27. Ba2 {[%clk 0:00:09]} Qg6 {[%clk 0:00:19]} 28. g3
{[%clk 0:00:09]} Bc5 {[%clk 0:00:19]} 29. Ne6 {[%clk 0:00:09]} Nf3+
{[%clk 0:00:19]} 30. Kg2 {[%clk 0:00:10]} Re8 {[%clk 0:00:18]} 31. Nf4
{[%clk 0:00:10]} Nxf4+ {[%clk 0:00:16]} 32. exf4 {[%clk 0:00:11]} Qh5
{[%clk 0:00:17]} 33. h3 {[%clk 0:00:11]} Nh4+ {[%clk 0:00:17]} 0-1

[Event "blitzwomeanteam"]
[Site "?"]
[Date "2016.10.07"]
[Round "2.6"]
[White "Pustovoitova, Daria"]
[Black "Drozdova, Dina"]
[Result "1-0"]
[LiveChessVersion "1.4.4"]
[BlackElo "2241"]
[WhiteElo "2405"]

1. g3 {[%clk 0:03:03]} Nf6 {[%clk 0:03:01]} 2. Bg2 {[%clk 0:03:04]} d5
{[%clk 0:03:00]} 3. Nf3 {[%clk 0:02:59]} c6 {[%clk 0:03:01]} 4. O-O
{[%clk 0:03:00]} Bg4 {[%clk 0:02:44]} 5. b3 {[%clk 0:02:59]} Nbd7
{[%clk 0:02:45]} 6. Bb2 {[%clk 0:03:00]} Qc7 {[%clk 0:02:36]} 7. c4
{[%clk 0:03:00]} e6 {[%clk 0:02:26]} 8. d3 {[%clk 0:03:01]} Be7 {[%clk 0:02:26]}
9. Nbd2 {[%clk 0:02:59]} O-O {[%clk 0:02:27]} 10. h3 {[%clk 0:02:58]} Bh5
{[%clk 0:02:19]} 11. e4 {[%clk 0:02:57]} dxe4 {[%clk 0:02:18]} 12. dxe4
{[%clk 0:02:57]} e5 {[%clk 0:02:10]} 13. Qc2 {[%clk 0:02:48]} Rfe8
{[%clk 0:02:03]} 14. Rfe1 {[%clk 0:02:40]} Bc5 {[%clk 0:01:55]} 15. a3
{[%clk 0:02:30]} a5 {[%clk 0:01:56]} 16. Bc3 {[%clk 0:02:27]} b6 {[%clk 0:01:34]}
17. Qb2 {[%clk 0:02:21]} Bd6 {[%clk 0:01:33]} 18. Nh4 {[%clk 0:02:20]} Nc5
{[%clk 0:01:31]} 19. Qc2 {[%clk 0:02:13]} Bg6 {[%clk 0:01:32]} 20. Nxg6
{[%clk 0:02:12]} hxg6 {[%clk 0:01:33]} 21. h4 {[%clk 0:02:02]} Ne6
{[%clk 0:01:34]} 22. Nf3 {[%clk 0:02:01]} c5 {[%clk 0:01:14]} 23. Red1
{[%clk 0:01:59]} Nd4 {[%clk 0:01:15]} 24. Bxd4 {[%clk 0:01:59]} exd4
{[%clk 0:01:14]} 25. Ne1 {[%clk 0:01:59]} a4 {[%clk 0:01:10]} 26. bxa4
{[%clk 0:01:50]} Qa7 {[%clk 0:01:08]} 27. f4 {[%clk 0:01:15]} Ng4
{[%clk 0:01:06]} 28. Rd3 {[%clk 0:00:49]} Qxa4 {[%clk 0:01:04]} 29. Qxa4
{[%clk 0:00:37]} Rxa4 {[%clk 0:01:05]} 30. e5 {[%clk 0:00:38]} Rxc4
{[%clk 0:00:26]} 31. exd6 {[%clk 0:00:39]} Rd8 {[%clk 0:00:27]} 32. Bh3
{[%clk 0:00:30]} Ne3 {[%clk 0:00:25]} 33. d7 {[%clk 0:00:29]} f5 34. Nf3
{[%clk 0:00:30]} Rc2 {[%clk 0:00:24]} 35. Ne5 {[%clk 0:00:29]} Rb2
{[%clk 0:00:19]} 36. Bf1 {[%clk 0:00:25]} Kf8 {[%clk 0:00:17]} 37. Nxg6+
{[%clk 0:00:24]} Ke7 {[%clk 0:00:18]} 1-0

[Event "blitzwomeanteam"]
[Site "?"]
[Date "2016.10.07"]
[Round "2.7"]
[White "Tomilova, Elena"]
[Black "Vasilevich, Irina"]
[Result "1-0"]
[LiveChessVersion "1.4.4"]
[BlackElo "2165"]
[WhiteElo "2223"]

1. d4 {[%clk 0:03:03]} e6 {[%clk 0:03:04]} 2. Nf3 {[%clk 0:03:04]} b6
{[%clk 0:03:05]} 3. Bf4 {[%clk 0:03:03]} Bb7 {[%clk 0:03:05]} 4. Nbd2
{[%clk 0:03:03]} Nf6 {[%clk 0:03:06]} 5. e3 {[%clk 0:03:02]} Be7 {[%clk 0:02:59]}
6. c3 {[%clk 0:03:02]} Nh5 {[%clk 0:02:54]} 7. Bg3 {[%clk 0:03:01]} Nxg3
{[%clk 0:02:45]} 8. hxg3 {[%clk 0:03:02]} h6 {[%clk 0:02:46]} 9. Bd3
{[%clk 0:03:03]} c5 {[%clk 0:02:44]} 10. Qe2 {[%clk 0:02:56]} a6 {[%clk 0:02:35]}
11. e4 {[%clk 0:02:39]} b5 {[%clk 0:02:34]} 12. e5 {[%clk 0:02:32]} cxd4
{[%clk 0:02:18]} 13. cxd4 {[%clk 0:02:30]} d6 {[%clk 0:02:15]} 14. Be4
{[%clk 0:02:18]} Bxe4 {[%clk 0:02:04]} 15. Nxe4 {[%clk 0:02:14]} dxe5
{[%clk 0:01:36]} 16. dxe5 {[%clk 0:02:11]} Bb4+ {[%clk 0:01:36]} 17. Kf1
{[%clk 0:02:06]} O-O {[%clk 0:01:24]} 18. Rd1 {[%clk 0:01:57]} Qe7
{[%clk 0:01:21]} 19. a3 {[%clk 0:01:54]} Ba5 {[%clk 0:01:22]} 20. Nd4
{[%clk 0:01:48]} Bb6 {[%clk 0:01:16]} 21. Nf6+ {[%clk 0:01:37]} Kh8
{[%clk 0:01:16]} 22. Qe4 {[%clk 0:01:31]} 1-0

[Event "blitzwomeanteam"]
[Site "?"]
[Date "2016.10.07"]
[Round "2.8"]
[White "Severina, Maria"]
[Black "Baraeva, Marina"]
[Result "1/2-1/2"]
[LiveChessVersion "1.4.4"]
[BlackElo "2170"]
[WhiteElo "2266"]

1. Nf3 {[%clk 0:03:03]} Nf6 {[%clk 0:03:02]} 2. g3 d5 {[%clk 0:03:02]} 3. Bg2
{[%clk 0:03:06]} c6 {[%clk 0:03:03]} 4. c4 {[%clk 0:03:05]} Bg4 {[%clk 0:03:00]}
5. O-O {[%clk 0:03:03]} e6 {[%clk 0:02:53]} 6. cxd5 {[%clk 0:02:48]} exd5
{[%clk 0:02:47]} 7. d3 {[%clk 0:02:49]} Bc5 {[%clk 0:02:28]} 8. Qb3
{[%clk 0:02:50]} Qb6 {[%clk 0:02:27]} 9. Qc2 {[%clk 0:02:51]} Nbd7
{[%clk 0:02:25]} 10. Nc3 {[%clk 0:02:52]} Qd8 {[%clk 0:02:14]} 11. e4
{[%clk 0:02:46]} dxe4 {[%clk 0:02:09]} 12. dxe4 {[%clk 0:02:48]} O-O
{[%clk 0:02:03]} 13. Bf4 {[%clk 0:02:20]} Re8 {[%clk 0:01:58]} 14. Rad1
{[%clk 0:02:11]} Qe7 {[%clk 0:01:53]} 15. h3 {[%clk 0:02:01]} Bxf3
{[%clk 0:01:53]} 16. Bxf3 {[%clk 0:02:02]} Ne5 {[%clk 0:01:54]} 17. Bg2
{[%clk 0:02:01]} Rad8 {[%clk 0:01:50]} 18. Rxd8 {[%clk 0:01:46]} Rxd8
{[%clk 0:01:51]} 19. Rd1 {[%clk 0:01:46]} Rxd1+ {[%clk 0:01:36]} 20. Qxd1
{[%clk 0:01:47]} h6 {[%clk 0:01:24]} 21. Na4 {[%clk 0:01:16]} Bd6
{[%clk 0:01:16]} 22. Be3 {[%clk 0:01:17]} Nc4 {[%clk 0:01:07]} 23. Bxa7
{[%clk 0:01:00]} b5 {[%clk 0:00:56]} 24. Nb6 {[%clk 0:00:38]} Qxa7
{[%clk 0:00:49]} 25. Nxc4 {[%clk 0:00:40]} Bxg3 {[%clk 0:00:48]} 26. Ne3
{[%clk 0:00:30]} Be5 {[%clk 0:00:40]} 27. Qd8+ {[%clk 0:00:30]} Kh7
{[%clk 0:00:41]} 28. a3 {[%clk 0:00:17]} Bd4 {[%clk 0:00:33]} 29. Nd1
{[%clk 0:00:11]} Qd7 {[%clk 0:00:26]} 30. Qxd7 Nxd7 {[%clk 0:00:27]} 31. Kf1
{[%clk 0:00:11]} Nc5 {[%clk 0:00:28]} 32. Ke2 {[%clk 0:00:12]} Kg6
{[%clk 0:00:22]} 33. Kd2 {[%clk 0:00:13]} Kf6 {[%clk 0:00:20]} 34. b4
{[%clk 0:00:14]} Nd7 {[%clk 0:00:19]} 35. Kd3 {[%clk 0:00:14]} Bb6
{[%clk 0:00:18]} 36. f4 {[%clk 0:00:15]} Ke6 {[%clk 0:00:16]} 37. e5
{[%clk 0:00:09]} c5 {[%clk 0:00:16]} 38. bxc5 {[%clk 0:00:09]} Bxc5
{[%clk 0:00:16]} 39. Nc3 {[%clk 0:00:09]} Bxa3 {[%clk 0:00:16]} 40. Nxb5
{[%clk 0:00:09]} Bc1 {[%clk 0:00:15]} 41. Ke4 {[%clk 0:00:08]} Nc5+
{[%clk 0:00:15]} 42. Kf3 {[%clk 0:00:09]} g5 {[%clk 0:00:15]} 43. Nd4+
{[%clk 0:00:10]} Kd7 {[%clk 0:00:09]} 44. Ne2 {[%clk 0:00:11]} Bxf4
{[%clk 0:00:06]} 45. Nxf4 {[%clk 0:00:11]} gxf4 {[%clk 0:00:07]} 46. Kxf4 Ke6 47.
Be4 {[%clk 0:00:09]} Nb3 {[%clk 0:00:06]} 48. Bf5+ {[%clk 0:00:09]} Ke7
{[%clk 0:00:07]} 49. Kg4 {[%clk 0:00:07]} Nd4 {[%clk 0:00:08]} 50. Be4
{[%clk 0:00:06]} Ke6 {[%clk 0:00:09]} 1/2-1/2

[Event "blitzwomeanteam"]
[Site "?"]
[Date "2016.10.07"]
[Round "2.9"]
[White "Bodnaruk, Anastasia"]
[Black "Ruchieva, Natalia"]
[Result "1-0"]
[LiveChessVersion "1.4.4"]
[BlackElo "2194"]
[WhiteElo "2386"]

1. e4 {[%clk 0:03:04]} d5 {[%clk 0:03:03]} 2. exd5 {[%clk 0:03:04]} Qxd5
{[%clk 0:03:03]} 3. Nc3 {[%clk 0:03:05]} Qa5 {[%clk 0:03:04]} 4. d4
{[%clk 0:03:06]} Nf6 {[%clk 0:03:05]} 5. Bc4 {[%clk 0:03:05]} Bf5
{[%clk 0:03:05]} 6. Nf3 {[%clk 0:03:00]} e6 {[%clk 0:03:06]} 7. O-O
{[%clk 0:02:59]} c6 {[%clk 0:03:06]} 8. Ne5 {[%clk 0:02:57]} Be7 {[%clk 0:02:59]}
9. Qe2 {[%clk 0:02:58]} O-O {[%clk 0:02:49]} 10. a3 {[%clk 0:02:32]} Qc7
{[%clk 0:02:43]} 11. Bb3 {[%clk 0:02:07]} Nbd7 {[%clk 0:02:38]} 12. Bf4
{[%clk 0:02:07]} Nxe5 {[%clk 0:02:08]} 13. Bxe5 {[%clk 0:02:05]} Qd7
{[%clk 0:02:05]} 14. h3 {[%clk 0:02:00]} Nd5 {[%clk 0:02:00]} 15. Ne4
{[%clk 0:01:55]} Qd8 {[%clk 0:01:36]} 16. c4 {[%clk 0:01:50]} Nf6
{[%clk 0:01:36]} 17. Ng3 {[%clk 0:01:49]} Bg6 {[%clk 0:01:36]} 18. f4
{[%clk 0:01:50]} Nd7 {[%clk 0:01:31]} 19. Kh2 {[%clk 0:01:16]} f6
{[%clk 0:01:31]} 20. Bd6 {[%clk 0:01:17]} Bf7 {[%clk 0:01:13]} 21. Bxe7
{[%clk 0:01:16]} Qxe7 {[%clk 0:01:13]} 22. c5 {[%clk 0:01:12]} e5
{[%clk 0:01:04]} 23. Nf5 {[%clk 0:01:13]} Qd8 {[%clk 0:00:55]} 24. Qg4
{[%clk 0:01:11]} g6 {[%clk 0:00:40]} 25. Nh6+ {[%clk 0:01:12]} Kg7
{[%clk 0:00:41]} 26. Nxf7 {[%clk 0:01:13]} Rxf7 {[%clk 0:00:41]} 27. Bxf7
{[%clk 0:01:14]} Kxf7 {[%clk 0:00:42]} 28. fxe5 {[%clk 0:01:15]} f5
{[%clk 0:00:41]} 29. Rad1 {[%clk 0:00:53]} Nf8 {[%clk 0:00:35]} 30. d5
{[%clk 0:00:51]} cxd5 {[%clk 0:00:35]} 31. Qd4 {[%clk 0:00:51]} Ke6
{[%clk 0:00:35]} 32. b4 {[%clk 0:00:44]} Qd7 {[%clk 0:00:36]} 33. Rf3
{[%clk 0:00:40]} Rd8 {[%clk 0:00:35]} 34. g4 {[%clk 0:00:36]} Qg7
{[%clk 0:00:24]} 35. gxf5+ {[%clk 0:00:36]} gxf5 {[%clk 0:00:25]} 36. Qf4
{[%clk 0:00:32]} Qxe5 {[%clk 0:00:25]} 37. Re3 {[%clk 0:00:27]} Ng6
{[%clk 0:00:25]} 38. Rxe5+ Nxe5 {[%clk 0:00:26]} 39. Re1 {[%clk 0:00:29]} Kf6
{[%clk 0:00:26]} 40. Qxe5+ {[%clk 0:00:30]} Kg6 {[%clk 0:00:27]} 41. Rg1+
{[%clk 0:00:31]} Kf7 {[%clk 0:00:28]} 42. Rg7+ {[%clk 0:00:32]} 1-0

[Event "blitzwomeanteam"]
[Site "?"]
[Date "2016.10.07"]
[Round "2.10"]
[White "Vasilevich, Tatjana"]
[Black "Ovod, Evgenija"]
[Result "1/2-1/2"]
[LiveChessVersion "1.4.4"]
[BlackElo "2195"]
[WhiteElo "2345"]

1. d4 {[%clk 0:03:04]} f5 {[%clk 0:03:04]} 2. g3 {[%clk 0:03:05]} Nf6
{[%clk 0:03:04]} 3. Bg2 {[%clk 0:03:06]} d6 {[%clk 0:03:05]} 4. h4
{[%clk 0:03:04]} Nbd7 {[%clk 0:03:00]} 5. Nh3 {[%clk 0:03:04]} e5
{[%clk 0:02:50]} 6. Ng5 {[%clk 0:02:57]} Qe7 {[%clk 0:02:45]} 7. d5
{[%clk 0:02:54]} h6 {[%clk 0:02:32]} 8. Ne6 {[%clk 0:02:40]} Nb6 {[%clk 0:02:24]}
9. Nxf8 {[%clk 0:02:40]} Rxf8 {[%clk 0:02:22]} 10. c4 {[%clk 0:02:27]} Bd7
{[%clk 0:02:18]} 11. b3 {[%clk 0:02:23]} a5 {[%clk 0:02:17]} 12. Nd2
{[%clk 0:02:13]} Kf7 {[%clk 0:02:14]} 13. O-O {[%clk 0:02:01]} Kg8
{[%clk 0:02:16]} 14. e4 {[%clk 0:01:55]} fxe4 {[%clk 0:02:15]} 15. Nxe4
{[%clk 0:01:50]} Nxe4 {[%clk 0:02:15]} 16. Bxe4 {[%clk 0:01:52]} Bf5 17. Bg2
{[%clk 0:01:44]} Nd7 {[%clk 0:02:13]} 18. Be3 {[%clk 0:01:35]} b6
{[%clk 0:02:14]} 19. Qd2 {[%clk 0:01:34]} Nc5 {[%clk 0:02:13]} 20. Rfe1
{[%clk 0:01:32]} Qf7 {[%clk 0:02:12]} 21. Kh2 {[%clk 0:01:27]} Qg6
{[%clk 0:02:10]} 22. f3 {[%clk 0:01:23]} h5 {[%clk 0:02:06]} 23. Bg5
{[%clk 0:01:19]} Rae8 {[%clk 0:02:03]} 24. Re3 {[%clk 0:01:18]} e4
{[%clk 0:01:58]} 25. f4 {[%clk 0:01:13]} Qf7 {[%clk 0:01:41]} 26. Rae1
{[%clk 0:01:11]} g6 {[%clk 0:01:34]} 27. Bh6 {[%clk 0:01:11]} Qf6
{[%clk 0:01:30]} 28. Bxf8 {[%clk 0:01:11]} Kxf8 {[%clk 0:01:31]} 29. a3
{[%clk 0:01:10]} Kg7 {[%clk 0:01:24]} 30. b4 {[%clk 0:01:11]} axb4
{[%clk 0:01:25]} 31. axb4 {[%clk 0:01:12]} Nd7 {[%clk 0:01:22]} 32. Bxe4
{[%clk 0:01:11]} Bxe4 {[%clk 0:01:10]} 33. Rxe4 {[%clk 0:01:12]} Rxe4
{[%clk 0:01:07]} 34. Rxe4 {[%clk 0:01:14]} Qf5 {[%clk 0:01:05]} 35. Re7+
{[%clk 0:01:10]} Kh6 {[%clk 0:01:05]} 36. Qe2 {[%clk 0:00:59]} Nf6
{[%clk 0:01:04]} 37. Kg2 {[%clk 0:00:58]} b5 {[%clk 0:00:57]} 38. Rf7
{[%clk 0:00:47]} bxc4 {[%clk 0:00:55]} 39. Qe6 {[%clk 0:00:40]} Qc2+ 40. Kh3 Ng4
{[%clk 0:00:54]} 41. Rh7+ {[%clk 0:00:35]} Kxh7 {[%clk 0:00:55]} 42. Qf7+
{[%clk 0:00:36]} Kh6 {[%clk 0:00:50]} 43. Qf8+ {[%clk 0:00:37]} Kh7
{[%clk 0:00:51]} 44. Qf7+ {[%clk 0:00:38]} Kh6 45. Qf8+ {[%clk 0:00:39]} Kh7
{[%clk 0:00:53]} 1/2-1/2

[Event "blitzwomeanteam"]
[Site "?"]
[Date "2016.10.07"]
[Round "2.11"]
[White "Travkina, Anastasia"]
[Black "Gritsayeva, Oksana"]
[Result "1-0"]
[LiveChessVersion "1.4.4"]
[BlackElo "2284"]
[WhiteElo "2168"]

1. e4 {[%clk 0:03:03]} c5 {[%clk 0:03:04]} 2. Nf3 {[%clk 0:03:04]} e6
{[%clk 0:03:05]} 3. d4 {[%clk 0:03:05]} cxd4 {[%clk 0:03:06]} 4. Nxd4
{[%clk 0:03:06]} Nf6 {[%clk 0:03:07]} 5. Nc3 {[%clk 0:03:07]} Qb6
{[%clk 0:03:08]} 6. Nb3 {[%clk 0:03:06]} Bb4 {[%clk 0:03:09]} 7. Bd3
{[%clk 0:02:55]} d5 {[%clk 0:03:09]} 8. O-O {[%clk 0:02:34]} Bxc3
{[%clk 0:03:03]} 9. bxc3 {[%clk 0:02:34]} dxe4 {[%clk 0:03:03]} 10. Be2
{[%clk 0:02:26]} O-O {[%clk 0:03:02]} 11. Be3 {[%clk 0:02:17]} Qc7
{[%clk 0:03:02]} 12. f3 {[%clk 0:02:08]} exf3 {[%clk 0:02:53]} 13. Bxf3
{[%clk 0:02:08]} e5 {[%clk 0:02:52]} 14. Qe1 {[%clk 0:01:59]} Bg4
{[%clk 0:02:17]} 15. Kh1 {[%clk 0:01:57]} Bxf3 {[%clk 0:02:13]} 16. Rxf3
{[%clk 0:01:53]} Nbd7 {[%clk 0:02:12]} 17. Bg5 {[%clk 0:01:39]} Nd5
{[%clk 0:02:09]} 18. Qh4 {[%clk 0:01:33]} f6 {[%clk 0:02:08]} 19. Rh3
{[%clk 0:01:29]} fxg5 {[%clk 0:02:03]} 20. Qxh7+ {[%clk 0:01:29]} Kf7
{[%clk 0:02:05]} 21. Rf1+ {[%clk 0:01:19]} N7f6 {[%clk 0:02:04]} 22. Qh5+
{[%clk 0:01:16]} Ke6 {[%clk 0:01:52]} 23. Qxg5 {[%clk 0:01:10]} Nf4
{[%clk 0:01:52]} 24. Re3 {[%clk 0:01:01]} N6d5 {[%clk 0:01:42]} 25. Nd4+
{[%clk 0:00:56]} Kd7 {[%clk 0:01:40]} 26. Qxg7+ {[%clk 0:00:51]} Ne7
{[%clk 0:01:38]} 27. Qg4+ {[%clk 0:00:47]} Ke8 {[%clk 0:01:36]} 28. Rfe1
{[%clk 0:00:40]} exd4 {[%clk 0:01:33]} 29. Rxe7+ {[%clk 0:00:28]} Qxe7
{[%clk 0:01:34]} 30. Rxe7+ {[%clk 0:00:28]} Kxe7 {[%clk 0:01:36]} 31. Qg5+
{[%clk 0:00:26]} Kd7 {[%clk 0:01:34]} 32. Qg7+ {[%clk 0:00:26]} Kc6
{[%clk 0:01:33]} 33. Qxd4 {[%clk 0:00:23]} Rad8 {[%clk 0:01:32]} 34. Qc4+
{[%clk 0:00:23]} Kb6 {[%clk 0:01:32]} 35. h3 {[%clk 0:00:19]} Nd5
{[%clk 0:01:31]} 36. Qd4+ {[%clk 0:00:19]} Kc6 {[%clk 0:01:32]} 37. Qg7
{[%clk 0:00:18]} Rfe8 {[%clk 0:01:31]} 38. h4 {[%clk 0:00:19]} Rd7
{[%clk 0:01:30]} 39. Qg6+ {[%clk 0:00:19]} Nf6 {[%clk 0:01:24]} 40. Qxf6+
{[%clk 0:00:20]} Rd6 {[%clk 0:01:24]} 41. Qf3+ {[%clk 0:00:20]} Kc7
{[%clk 0:01:25]} 42. Qf4 {[%clk 0:00:21]} Kd7 {[%clk 0:01:24]} 43. h5
{[%clk 0:00:21]} Ree6 {[%clk 0:01:21]} 44. Kh2 {[%clk 0:00:20]} Rf6
{[%clk 0:01:22]} 45. Qg4+ {[%clk 0:00:21]} Ke7 {[%clk 0:01:22]} 46. Qe4+
{[%clk 0:00:22]} Kf8 {[%clk 0:01:22]} 47. Qxb7 {[%clk 0:00:22]} Rh6
{[%clk 0:01:19]} 48. g4 {[%clk 0:00:23]} Rhe6 {[%clk 0:01:18]} 49. Kh3
{[%clk 0:00:24]} Re7 {[%clk 0:01:18]} 50. Qb8+ {[%clk 0:00:25]} 1-0